| 000 | 00846nam a2200241 a 4500 | ||
|---|---|---|---|
| 001 | 13098 | ||
| 003 | BD-JhCC | ||
| 005 | 20230710102009.0 | ||
| 008 | 230622s20232018bg |||| ||a| 00| 0 bg d | ||
| 020 | _a9789849309383 | ||
| 035 | _a(BD-JhCC)13098 | ||
| 040 |
_aBD-JhCC _dBD-JhCC |
||
| 041 | _aben | ||
| 082 |
_223 _a320.9 _bBEG 2018 |
||
| 100 | _aবেগম, প্রফেসর ফিরোজা | ||
| 245 |
_aপাশ্চাত্য রাষ্ট্রচিন্তা / _cপ্রফেসর ফিরোজা বেগম |
||
| 260 |
_aঢাকা : _bনওরোজ সাহিত্য সংসদ, _c২০১৮. |
||
| 300 |
_a৪১৪ পৃ. : _c২১ সেমি. |
||
| 504 | _aগ্রন্থপঞ্জি সংবলিত। | ||
| 650 | _aPolitical science | ||
| 942 |
_2ddc _cBK |
||
| 999 |
_c13098 _d13098 |
||